000 00612nam a2200217Ia 4500
005 20260119125034.0
008 008 260114s9999 xx 000 0 eng d
020 _a9789355732859
037 _aEBOOK
040 _aCRL
_beng
_cCRL
041 _aeng
_2eng
084 _qCRL
100 _aArun Kumar
_9898810
245 0 _aOperations Management
260 _bCengage
_c2012
650 _aOperations & Decision Sciences
_9898811
700 _aN. Meenakshi
_9898812
856 _uhttps://cengageindiaelibrary.ipublishcentral.net/product-details/280757
942 _cEBOOK
999 _c1490994
_d1490994